Celebrities named like a Capital City - Statistics

General Stats
  • This quiz has been taken 21 times
  • The average score is 4 of 6
Answer Stats
Hint Answer % Correct
Hilton, Paris
100%
Denzel Washington
100%
Vergara, Sofia
84%
Beckham, Victoria
79%
Adriana Lima
47%
Sean Kingston
16%
No matching quizzes found
Score Distribution
Percent of People with Each Score
Percentile by Number Answered
Your Score History
You have not taken this quiz